Fr. Conceicao Rodrigues College of Engineering

Microsensor MEMS and smart devices. (Record no. 27177)

MARC details
000 -LEADER
fixed length control field 00267nam a2200133Ia 4500
100 ## - MAIN ENTRY--PERSONAL NAME
Personal name Gardner
245 ## - TITLE STATEMENT
Title Microsensor MEMS and smart devices.
260 ## - PUBLICATION, DISTRIBUTION, ETC.
Name of publisher, distributor, etc. Wiley
366 ## - TRADE AVAILABILITY INFORMATION
Publishers's discount category 20
546 ## - LANGUAGE NOTE
Language note ENGLISH
-- PAMPHALETS
650 ## - SUBJECT ADDED ENTRY--TOPICAL TERM
Topical term or geographic name entry element MEMS
942 ## - ADDED ENTRY ELEMENTS (KOHA)
Koha item type BOOK
Holdings
Withdrawn status Lost status Damaged status Not for loan Collection Home library Current library Date acquired Source of acquisition Cost, normal purchase price Inventory number Total Checkouts Full call number Barcode Date last seen Cost, replacement price Price effective from Koha item type
        CRC Fr. Agnel's C.Rodrigues College of Engineering Fr. Agnel's C.Rodrigues College of Engineering 17/03/2023 Allied Publishers 796.00 918 dt 16.01.2017   24629 17/03/2023 995.00   BOOK